| 000 | 01303nam a2200217Ia 4500 | ||
|---|---|---|---|
| 003 | Ost | ||
| 005 | 20260507075132.0 | ||
| 008 | 260507s9999||||xx |||||||||||||| ||und|| | ||
| 020 | _a3065408977 | ||
| 040 | _cfsecg | ||
| 041 | _aara | ||
| 082 | _a330 | ||
| 100 |
_aبيكيت، مايكل _eمؤلف |
||
| 245 | 0 |
_aكيف تعمل البورصة؟ : _bدليل المستثمر الصغير / _c مايكل بيكيت |
|
| 260 |
_aالقاهرة: _bدار الفاروق للنشر, _c2006 |
||
| 300 |
_a192 صفحة؛ _bإيضاحات ؛ _c24 سم |
||
| 520 | _aالأسهم- أنواع الأوراق المالية الأخرى- السندات الحكومية المضمونة- أدوات الإستثمار الفرعية- الاسهم الخارجية- الاسهم وشركات الإستثمار- أهمية الصفحات المالية بالصحف والمجلات- كيفية اختيار الاسهم الجديدة- كيفية تحديد وقت شراء الاسهم- البورصات البريطانية- البورصات الأخرى- حقوق وواجبات المساهمين- حقوق الإكتتاب والأسهم المجانية- بيع أسهم الشركات- الضرائب. | ||
| 653 | _aالأوراق المالية | ||
| 653 | _aالبورصة | ||
| 942 | _cكتاب | ||
| 999 |
_c43221 _d43221 |
||